Multidimensional signal, image, and video processing and coding (Record no. 145125)
[ view plain ]
| 000 -LEADER | |
|---|---|
| fixed length control field | 01222nam a2200289Ia 4500 |
| 082 04 - DEWEY DECIMAL CLASSIFICATION NUMBER | |
| Classification number | 621.367 |
| 100 1# - MAIN ENTRY--AUTHOR NAME | |
| Personal name | Woods, John W. |
| 245 10 - TITLE STATEMENT | |
| Title | Multidimensional signal, image, and video processing and coding |
| 260 ## - PUBLICATION, DISTRIBUTION, ETC. (IMPRINT) | |
| Place of publication | Amsterdam ; |
| -- | Burlington, MA : |
| Name of publisher | Academic, |
| Year of publication | 2006. |
| 300 ## - PHYSICAL DESCRIPTION | |
| Number of Pages | xv, 493 p., [1] p. of plates : |
| Other physical details | ill. (some col.) |
| 650 #0 - SUBJECT ADDED ENTRY--TOPICAL TERM | |
| Topical Term | Image processing |
| Topical Term | Signal processing |
| 856 40 - ELECTRONIC LOCATION AND ACCESS | |
| Uniform Resource Identifier | http://site.ebrary.com/lib/rucke/Doc?id=10186038 |
No items available.
